000 00959nam0a22002291 4500
001 rc\550332
005 20250621130118.0
035 _a(NLR Aleph) 005786374
090 _a5153089
_c5153089
100 _a20030616d1987 |||y0rusy50 ca
101 0 _arus
102 _aRU
105 _aa |||||||||
200 1 _aЭлектрические цепи и элементы авиационной электроавтоматики
_eТексты лекций
_f[Э.А. Чварков, Т.С. Скобликова, В.П. Климов и др.]
_gПод ред. к. т. н. М.Л. Едемского
_gМ-во высш. и сред. спец. образования СССР, Моск. авиац. ин-т им. Серго Орджоникидзе
210 _aМ.
_cМАИ
_d1987
215 _a47 c.
_cил.
_d20
320 _aБиблиогр.: с. 46
801 0 _aRU
_bNLR
_gpsbo
801 1 _aRU
_bELAR
_2rusmarc
852 _aNLR
_j87-4/7454
942 _cBOOK
980 _aNB